National Anthem of Italy - "Il Canto degli Italiani" - Statistics

General Stats
  • This quiz has been taken 212 times
  • The average score is 47 of 79
Answer Stats
Answer % Correct
Fratelli
98%
d'Italia,
97%
l'Italia
88%
s'è
88%
desta,
87%
di
80%
Scipio
80%
la
78%
la
78%
Dov'è
76%
testa.
76%
cinta
75%
s'è
75%
Vittoria?
75%
dell'elmo
72%
la
72%
chioma,
71%
la
70%
porga
69%
Roma
69%
creò.
68%
di
68%
iddio
68%
ché
66%
schiava
65%
Fratelli
64%
Le
64%
d'Italia,
63%
l'Italia
63%
desta,
62%
s'è
62%
di
59%
la
59%
la
59%
Scipio
59%
Dov'è
58%
Vittoria?
58%
cinta
57%
la
57%
testa.
57%
la
56%
s'è
56%
chioma,
55%
creò.
55%
di
55%
porga
55%
Roma
55%
dell'elmo
54%
iddio
53%
schiava
52%
a
51%
Le
51%
ché
50%
chiamò!
49%
a
47%
l'Italia
47%
morte.
47%
Sì!
47%
alla
46%
morte,
46%
siam
46%
alla
45%
chiamò.
45%
morte,
45%
morte.
45%
pronti
45%
alla
44%
alla
44%
l'Italia
44%
pronti
44%
Siam
44%
coorte,
43%
pronti
43%
pronti
43%
siam
43%
Siam
43%
coorte,
42%
Stringiamci
39%
Stringiamci
38%
No matching quizzes found
Score Distribution
Percent of People with Each Score
Percentile by Number Answered
Your Score History
You have not taken this quiz